| 000 | 00564nam a22001697a 4500 | ||
|---|---|---|---|
| 008 | 160505b xxu||||| |||| 00| 0 eng d | ||
| 020 | _a978-1-4415-0696-2 | ||
| 082 |
_22009 _aDFil 371.9 _bY25 |
||
| 100 |
_97609 _aYbañes, Victor A. |
||
| 245 |
_aThe special education: _blegal terms, words, phrases & what they men/ _cVictor A. Ybañes. |
||
| 260 |
_aUSA: _bXlibris, _cc2009. |
||
| 300 |
_axviii, 512 pages; _c23 cm. |
||
| 500 | _aIncludes bibliographical references. | ||
| 650 | 0 |
_97610 _aSpeech problems. |
|
| 650 | 0 |
_97611 _aSpecial education. |
|
| 942 |
_2ddc _cDFIL |
||
| 999 |
_c2322 _d2322 |
||